مكتبة جامعة عجلون الوطنية

فهرس بحث المكتبة

العقول الواعدة: تنمية المواهب والإبداع القيمي والقيادة الشابة = Promising Minds: Developing Talent, Values-Oriented Creativity and Youth Leadership (Record no. 34191)

MARC details
000 -LEADER
fixed length control field 00780nam a22001937a 4500
003 - CONTROL NUMBER IDENTIFIER
control field JO-AjAnu
005 - DATE AND TIME OF LATEST TRANSACTION
control field 20260421084947.0
008 - FIXED-LENGTH DATA ELEMENTS--GENERAL INFORMATION
fixed length control field 260421b jo ||||| |||| 00| 0 ara d
020 ## - INTERNATIONAL STANDARD BOOK NUMBER
International Standard Book Number 9789923856369
022 ## - INTERNATIONAL STANDARD SERIAL NUMBER
International Standard Serial Number 128/1/2026
040 ## - CATALOGING SOURCE
Original cataloging agency anu
Transcribing agency JO-AjAnu
041 ## - LANGUAGE CODE
Language code of original ara
100 ## - MAIN ENTRY--PERSONAL NAME
Personal name حمادنة، برهان محمود
Relator term مؤلف
9 (RLIN) 66970
245 ## - TITLE STATEMENT
Title العقول الواعدة: تنمية المواهب والإبداع القيمي والقيادة الشابة = Promising Minds: Developing Talent, Values-Oriented Creativity and Youth Leadership
Statement of responsibility, etc. / برهان محمود حمادنة
260 ## - PUBLICATION, DISTRIBUTION, ETC.
Place of publication, distribution, etc. عمان:
Name of publisher, distributor, etc. زاد ناشرون وموزعون؛
Date of publication, distribution, etc. 2026
300 ## - PHYSICAL DESCRIPTION
Extent 357 صفحة
650 ## - SUBJECT ADDED ENTRY--TOPICAL TERM
Form subdivision الاطفال الموهوبون-تعليم
942 ## - ADDED ENTRY ELEMENTS (KOHA)
Source of classification or shelving scheme Library of Congress Classification
Koha item type Books
Suppress in OPAC No
Holdings
Withdrawn status Lost status Source of classification or shelving scheme Damaged status Not for loan Home library Current library Date acquired Total Checkouts Full call number Barcode Date last seen Price effective from Koha item type
    Library of Congress Classification     مكتبة جامعة عجلون الوطنية مكتبة جامعة عجلون الوطنية 21/04/2026   LC3993.H363.2026 A30611 21/04/2026 21/04/2026 Books